Statistiques concernant Ordre Historique

Cliquez ici pour prendre le quiz!

Statistiques générales

  • Ce quiz a été pris 37 fois
  • Le résultat moyen est 4 sur 7

Statistiques - réponses

QuestionRéponse% Correct
Quel évènements est le plus ancien ?Adoption de la Déclaration d'indépendance des États-Unis
72%
Quel évènements est le plus ancien ?Chute de Constantinople, fin de l'Empire byzantin
61%
Quel évènements est le plus ancien ?Catastrophe de Tchernobyl
58%
Quel évènements est le plus ancien ?Jeux olympiques d'été à Atlanta, États-Unis.
58%
Quel évènements est le plus ancien ?Mort d'Alexandre le Grand
50%
Quel évènements est le plus ancien ?Début du Règne de l'empereur byzantin Justinien Ier
39%
Quel évènements est le plus ancien ?Début de la Période médiévale en Europe.
14%

Distribution des résultats

Percentile par nombre de réponses

% des personnes avec chaque résultat

Votre développement - résultats

Vous n’avez pas pris ce quiz